Urban Agglomeration - Letter O - Statistics

General Stats
  • This quiz has been taken 33 times
  • The average score is 6 of 8
Answer Stats
Second Letter Answer % Correct
S Osaka | Oslo
93%
T Ottawa
89%
K Okayama | Oklahoma City
85%
U Ouagadougou
85%
R Orlando | Oran
81%
D Odesa
74%
M Omsk
70%
N Onitsha
30%
No matching quizzes found
Score Distribution
Percent of People with Each Score
Percentile by Number Answered
Your Score History
You have not taken this quiz